|
|
|
|
| LEADER |
00624nam a22001577a 4500 |
| 008 |
160831b xxu||||| |||| 00| 0 eng d |
| 999 |
|
|
|c 158676
|d 158676
|
| 020 |
|
|
|a 9780749444013
|
| 082 |
|
|
|a 658.0072
|
| 100 |
|
|
|a Czerniawska, Fiona
|
| 245 |
|
|
|a Managementconsulting in practice :
|c Fiona Czerniawska and Paul May
|b award-winning international case studies /
|
| 260 |
|
|
|b Management Consultancies Association,
|c 2005.
|a London :
|
| 300 |
|
|
|a vii, 303 p.
|
| 700 |
|
|
|a May, Paul
|
| 942 |
|
|
|c BK
|
| 952 |
|
|
|0 0
|1 0
|4 0
|6 658_007200000000000_CZE_M
|7 0
|9 172570
|a CMS
|b CMS
|c ST1
|d 2016-08-31
|i 8837
|l 0
|o 658.0072 CZE/M
|p CMS8837
|r 2016-08-31
|w 2017-05-05
|y BK
|